000 01817nam a2200229 a 4500
001 000255635
003 AM-YeHGA
005 20250618071721.0
008 030821s1984 ai 000 | arm d
040 _aAM-YeHGA
100 1 _aԱնանյան, Վախթանգ Ստեփանի,
_d1905-1980
_994
245 1 0 _aԵրկեր :
_b4 հատորով : Դպրոցական բարձր տարիքի համար /
_cՎ. Անանյան ; Կազմ. և առաջաբ.՝ Ն. Անանյան ; Խմբ.՝ Հ.Վ. Վարդանյան, Լ.Տ. Սարգսյան.
260 _aԵրևան :
_bՍովետական գրող,
_c1984-
300 _aհատոր ;
_c21 սմ.
505 0 0 _gՀ. 1 (1984, 389 էջ, դիմանկ.) :
_tՈրսի հետքերով; Ինչու զենք վերցրինք; Մանկության օրերին ;
_gՀ. 2 (1984, 416 էջ, նկ.) :
_tԱնլեզու ընկերներ; Մարտի դաշտում; Անցած գնացած բաներից; Ինչպես որ կա; Ուրախ պատմություններ; Մանրապատում: [Պատմվածքներ] ;
_gՀ. 3 (1984, 396 էջ, դիմանկ.) :
_tՀեքիաթ և իրականություն; Մարդը և բնությունը; Էջեր բնության գրքից; Կյանքն իմ պարտեզում; Հուշագրություններ; Ինչպես էին քո նախնիք; Խոհեր: [Պատմվածքներ] ;
_gՀ. 4 (1984, 560 էջ, նկ.) :
_tՀովազաձորի գերիները
650 1 4 _aՀայ գրականություն
700 1 _aԱնանյան, Նելլի Վախթանգի,
_d1938-2011
_eկազմ.
_4com
_eառաջաբ.
_4aui
_93094
700 1 _aՎարդանյան, Հայկ Վարդանի,
_d1926-1995
_eխմբ.
_4edt
_92801
700 1 _aՍարգսյան, Լիպարիտ Տիգրանի,
_d1938-2023
_eխմբ.
_4edt
_91060
942 _2udc
_cBK
090 _c93342
999 _c92043
_d92043